Sports Quiz

Random Sports or Clickable Quiz
Score 0/32 Timer 06:00
18 Plays Today
% Correct
Curry
92.8%
Green
92.3%
Johnson
91.5%
Leonard
90.9%
Smith
90.5%
Carter
90.1%
Hardaway
88.9%
Russell
88.9%
Butler
88.8%
West
86.7%
Williams
86%
Hill
85.8%
Ellis
85.1%
Zeller
82%
Barnes
81.5%
Jackson
79.2%
% Correct
N'Diaye
78.3%
Plumlee
77.3%
Martin
77.3%
Booker
76.6%
George
76.1%
Tucker
73.7%
Knight
70.2%
Adams
69.7%
Richardson
69.3%
Brooks
68.9%
Dawkins
66.6%
Powell
65.4%
Anderson
64%
Hawkins
58.7%
Cook
52.6%
Swift
52.4%
Remove Ads.
Support Sporcle.
Get the best of Sporcle when you Go Orange. This ad-free experience offers more features, more stats, and more fun while also helping to support Sporcle. Thank you for becoming a member.

You're not logged in!

Compare scores with friends on all Sporcle quizzes.
OR
Log In

Show Comments

Extras

Top Quizzes Today


Score Distribution

Your Account Isn't Verified!

In order to create a playlist on Sporcle, you need to verify the email address you used during registration. Go to your Sporcle Settings to finish the process.

Report this User

Report this user for behavior that violates our Community Guidelines.

Details: